| 000 | 01048nam a22003257b 4500 | ||
|---|---|---|---|
| 001 | 00522042 | ||
| 003 | DO-SdBPM | ||
| 005 | 20260123075939.0 | ||
| 007 | ta | ||
| 008 | 961009s1990 mx || ||spa | ||
| 020 | _a9684094817 | ||
| 040 |
_aDO-SdBPM _bspa _cBPMSU _e rda |
||
| 082 | 4 |
_a658.4013 _bM647n 1990 _222 |
|
| 100 | 1 |
_a Miller, Lawrence M. _eautora _4aut. _d |
|
| 245 | 1 | 0 |
_a El nuevo espíritu empresario : _b espíritu que engrandece / _c Lawrence M. Miller ; prólogo Lorenzo Servitje _h |
| 250 | _a | ||
| 260 |
_a _b _c |
||
| 264 |
_aMéxico : _bEDAMEX, _c1990 |
||
| 300 |
_a167 páginas : _bilustraciones ; _c23 cm |
||
| 336 |
_atexto _btxt _2rdacontent |
||
| 337 |
_asin mediación _bn _2rdamedia |
||
| 338 |
_avolumen _bnc _2rdacarrier |
||
| 590 | _aInventariado, 2026/VM | ||
| 650 | 7 |
_aAdministración de empresas. _x |
|
| 650 | 7 | _aCalidad total en administración | |
| 650 | 7 | _aÉxito en los negocios | |
| 700 | 1 |
_a Servitje, Lorenzo _eprólogo |
|
| 910 | _aVMateo V. Control de calidad. BPMSU | ||
| 942 |
_2ddc _cBK |
||
| 999 |
_c15618 _d15618 |
||